| 000 | 00497cam a2200193ua 4500 | ||
|---|---|---|---|
| 020 |
_a0 87692 759 2 _c110.00 |
||
| 041 |
_aeng _h |
||
| 082 |
_a005.133 _bHOL/C |
||
| 100 | _aHolzner, Steve . | ||
| 245 |
_aC Programming / _cSteve Holzner. _hTextual Documents |
||
| 250 |
_a1 / _b. |
||
| 260 |
_aNew Delhi : _bPrentice Hall of India Pvt Ltd. , _c1991. |
||
| 300 | _a572 ; . | ||
| 365 | _a110.00 | ||
| 504 | _a | ||
| 700 | 1 | _aNortch, Peter . | |
| 942 | _cBK | ||
| 999 |
_c9652 _d9652 |
||